000 00507nam 22001813 4500
001 196486
010 _a972-31-0172-6
090 _a196486
100 _a20250605 pory50
200 _aHistória do direito privado moderno
_fFranz Wieacker
210 _aLisboa
_cFundação Calouste Gulbenkian
_d[1993]
215 _a768 p.
_cbrochado
_d22 cm
606 _97813
_aDireito
675 _a34
_vPT
_zpor
700 _912578
_aWieacker
_bFranz
801 _aPT
_bBMMN
_gRPC
830 _cFernando
_fFernando
990 _cLIVROS